00479nam a2200121Ia 45000010005000000080041000050820022000461000065000682450158001332600024002919010027003159990015003423538241024s9999 xx 000 0 und d aRD/336/R426i/2012 aRepública Dominicana.Cámara de Cuentas de la República 0aInforme al congreso Nacional. Análisis y evaluación de la ejecución presupuestaría y la rendicioón de cuentas generales del Estado Año Fiscal bSanto Domingoc2012 a6/12/2013 2:59:19 p.m. c9650d9650